| 000 | 00523cam a22002051 4500 | ||
|---|---|---|---|
| 001 | af 49001224 | ||
| 003 | DLC | ||
| 005 | 20260227110918.0 | ||
| 008 | 900723s1945 be 000 0 dut c | ||
| 010 | _aaf 49001224 | ||
| 035 | _a(OCoLC)22132562 | ||
| 040 |
_aCalifornia. Univ. Libr. _cCU _dDLC |
||
| 042 | _apremarc | ||
| 050 | 0 | 0 |
_aPZ13 _b.H47 |
| 100 | 1 | _aHengelaar, Jozef. | |
| 245 | 1 | 3 | _aEr groeien idealen! |
| 260 |
_a[Roeselare, _bHernieuwen-Uitgaven, _c1945] |
||
| 300 |
_a129 p. _c21 cm. |
||
| 490 | 0 | _aChiro-reeks | |
| 999 |
_c6892 _d6892 |
||